Central Library OPAC University of Rajshahi

Spirit of enterprise : (Record no. 13797)

MARC details
000 -LEADER
fixed length control field 00694cam a2200241 a 4500
001 - CONTROL NUMBER
control field 13797
003 - CONTROL NUMBER IDENTIFIER
rucl marc code BD-RjUL
005 - DATE AND TIME OF LATEST TRANSACTION
control field 20211208235520.0
008 - FIXED-LENGTH DATA ELEMENTS--GENERAL INFORMATION
fixed length control field 140202s1984 enk 001 0 eng d
020 ## - INTERNATIONAL STANDARD BOOK NUMBER
International Standard Book Number 0906053951
035 ## - SYSTEM CONTROL NUMBER
System control number (BD-RjUL)13849
040 ## - CATALOGING SOURCE
Original cataloging agency UkOxU
Language of cataloging eng
Transcribing agency UkOxU
Modifying agency BD-RjUL
041 ## - LANGUAGE CODE
Language code of text/sound track or separate title eng
082 ## - DEWEY DECIMAL CLASSIFICATION NUMBER
Classification number 608.7
Author mark and year SPI 1984
245 00 - TITLE STATEMENT
Title Spirit of enterprise :
Remainder of title the 1984 Rolex awards /
Statement of responsibility, etc. Montres Rolex S.A.
260 ## - PUBLICATION, DISTRIBUTION, ETC. (IMPRINT)
Place of publication, distribution, etc. London :
Name of publisher, distributor, etc. Aurum Press,
Date of publication, distribution, etc. c1984.
300 ## - PHYSICAL DESCRIPTION
Pagination xix, 460 p :
Illustrations ill. (some col.) ;
Size 24 cm
504 ## - BIBLIOGRAPHY, ETC. NOTE
Bibliography, etc Includes index.
650 #0 - SUBJECT ADDED ENTRY--TOPICAL TERM
Topical term or geographic name as entry element Inventions
General subdivision Awards
9 (RLIN) 43158
Topical term or geographic name as entry element Science
General subdivision Awards
9 (RLIN) 43159
710 2# - ADDED ENTRY--CORPORATE NAME
Corporate name or jurisdiction name as entry element Montres Rolex S.A.
9 (RLIN) 43160
942 ## - ADDED ENTRY ELEMENTS (KOHA)
Source of classification or shelving scheme Dewey Decimal Classification
Koha item type Books
Holdings
Lost status Source of classification or shelving scheme Damaged status Not for loan Collection code Permanent Location Current Location Shelving location Date acquired Source of acquisition Total Checkouts Full call number Date last seen Copy number Koha item type Cost, normal purchase price
  Dewey Decimal Classification     Non-fiction Central Library, University of Rajshahi Central Library, University of Rajshahi   20/12/1986 Asia foundation   608.7 SPI 1984 02/02/2014 C-2 Books  
  Dewey Decimal Classification   Not For Loan Non-fiction Central Library, University of Rajshahi Central Library, University of Rajshahi Reading Room 20/12/1986 N/A   608.7 SPI 1984 13/03/2017 C-1 Books 0.00